书目信息 |
| 题名: |
统计信号处理算法
|
|
| 作者: | 普罗基斯 著 | |
| 分册: | ||
| 出版信息: | 北京 清华大学出版社 2003.01 |
|
| 页数: | 567页 | |
| 开本: | 26cm | |
| 丛书名: | 国际知名大学原版教材:信息技术学科与电气工程学科系列 | |
| 单 册: | ||
| 中图分类: | TN911.72 | |
| 科图分类: | ||
| 主题词: | 通信理论 | |
| 电子资源: | ||
| ISBN: | 7-302-06169-6 | |
| 000 | 00701nam0 2200217 45 | |
| 001 | 0431133521 | |
| 005 | 2004042908385325 | |
| 010 | @a7-302-06169-6@dCNY 49.00 | |
| 100 | @a20040429d2003 km y0chiy0120 ea | |
| 101 | 0 | @achi |
| 102 | @aCN@b110000 | |
| 200 | 1 | @a统计信号处理算法@ATong Ji Xin Hao Chu Li Suan Fa@f(美)普罗基斯著@F(mei)pu luo ji si zhu |
| 210 | @a北京@c清华大学出版社@d2003.01 | |
| 215 | @a567页@d26cm | |
| 225 | 2 | @a国际知名大学原版教材:信息技术学科与电气工程学科系列 |
| 410 | 0 | @12001 @a国际知名大学原版教材:信息技术学科与电气工程学科系列 |
| 606 | 0 | @a通信理论 |
| 690 | 1 | @aTN911.72@v4 |
| 701 | 0 | @a普罗基斯@Apu luo ji si@4著 |
| 801 | 0 | @aCN@bPFT@c20040429 |
| 905 | @dTN911.72@eP900 | |
| 统计信号处理算法/(美)普罗基斯著.-北京:清华大学出版社,2003.01 |
| 567页;26cm.-(国际知名大学原版教材:信息技术学科与电气工程学科系列) |
| ISBN 7-302-06169-6:CNY 49.00 |
| ● |
| 相关链接 |
|
|
|
正题名:统计信号处理算法
索取号:TN911.72/P900
 
预约/预借
| 序号 | 登录号 | 条形码 | 馆藏地/架位号 | 状态 | 备注 |
| 1 | 380882 | 203808825 | 自科库301/301自科库 35排4列3层/ [索取号:TN911.72/P900] | 在馆 | |
| 2 | 380883 | 203808834 | 自科二线404/404自科库 13排5列2层/ [索取号:TN911.72/P900] | 在馆 | |
| 3 | 380884 | 203808843 | 自科库301/301自科库 35排4列3层/ [索取号:TN911.72/P900] | 在馆 |